000 00718nam a2200289Ia 4500
005 20260324115327.0
008 008 260324s9999 xx 000 0 eng d
020 _a9781351210768
037 _aEBOOK
040 _aCRL
040 _beng
040 _cCRL
041 _2eng
041 _aeng
084 _qCRL
100 _aDijiang Huang; Ankur Chowdhary; Sandeep Pisharody
_91154237
245 0 _aSoftware-Defined Networking and Security
245 0 _bFrom Theory to Practice
260 _bTaylor and Francis
260 _c2018
365 _a
365 _b260
856 _uhttp://www.taylorfrancis.com/books/9781351210768
942 _cEBOOK
999 _c1745039
_d1745039